000 00641pam a2200229 i 4500
001 4190224
005 20180827040111.0
008 800826s1981 mdua b 001 0 eng
010 _a 80021803
020 _a0683052004
040 _aDLC
_cDLC
_dDLC
041 _aeng
060 _aWO277 L913q
080 _a617.962
082 0 0 _a617.962
_219
100 1 _a6
101 _aANE
245 1 4 _aThe quantitative practice of anesthesia :
_cHarry J. Lowe, Edward A. Ernst.
504 _aIncludes bibliographical references and index.
906 _a7
_bcbc
_corignew
_du
_eocip
_f19
_gy-gencatlg
942 _2ddc
_cBK
999 _c47328
_d47328